000 02350cam a2200289 4500500
005 20260322004147.0
041 _afre
042 _adc
100 1 0 _aBlanchard, Grégory
_eauthor
245 0 0 _aTous artisans ? Le craftwashing comme requalification narrative dans le luxe industriel
260 _c2026.
500 _a93
520 _aCet article analyse comment une entreprise industrielle du luxe construit une légitimité artisanale perçue, sans base statutaire. L’étude repose sur le cas Hermès, à partir d’un corpus institutionnel longitudinal (2005–2023) enrichi de données secondaires. En mobilisant la théorie de l’identité sociale et celle de la légitimité organisationnelle, l’analyse met en lumière une stratégie discursive structurée, fondée sur la requalification des ouvriers en artisans. Cette identité affichée produit des effets internes de cohésion et des bénéfices externes de différenciation. Le cas interroge les frontières du craftwashing et la tolérance sociale envers les récits identitaires performatifs.
520 _aThis article analyzes how an industrial luxury company constructs perceived artisanal legitimacy without meeting the formal legal criteria. The study focuses on the case of Hermès, based on a longitudinal institutional corpus (2005–2023) enriched with secondary data. Drawing on social identity theory and organizational legitimacy theory, the analysis reveals a structured discursive strategy built around the reclassification of workers as “artisans.” This claimed identity produces internal cohesion effects and external differentiation benefits. The case questions the boundaries of craftwashing and the social tolerance of identity narratives that are performative but misaligned with legal status.
690 _aartisan
690 _acraftwashing
690 _aidentité sociale artisanale
690 _alégitimité
690 _ausurpation
690 _acraftsman
690 _acraftspeople’s social identity
690 _acraftwashing
690 _alegitimacy
690 _ausurpation
786 0 _nRevue de l'Entrepreneuriat / Review of Entrepreneurship | Pub. anticipées | 2026-01-23 | p. I20-XXXIV | 1766-2524
856 4 1 _uhttps://shs.cairn.info/revue-de-l-entrepreneuriat-2026-0-page-I20?lang=fr&redirect-ssocas=7080
999 _c1737946
_d1737946